The concept of rasa: (Record no. 54600)

MARC details
000 -LEADER
fixed length control field 00867nam a22001937a 4500
005 - DATE AND TIME OF LATEST TRANSACTION
control field 20110801115042.0
010 ## - LCCN (DPL NO)
LC control number B-423722
020 ## - INTERNATIONAL STANDARD BOOK NUMBER
International Standard Book Number 9788173053849
Terms of availability 595.00
035 ## - SYSTEM CONTROL NUMBER
System control number B-423722
082 ## - DEWEY DECIMAL CLASSIFICATION NUMBER
Classification number 811.09
245 ## - TITLE STATEMENT
Title The concept of rasa:
Remainder of title with special references to Ahbinavagupta
Statement of responsibility, etc edited by S.C. Pande
260 ## - PUBLICATION, DISTRIBUTION, ETC. (IMPRINT)
Place of publication, distribution, etc New Delhi
Name of publisher, distributor, etc Aryan Books International
Date of publication, distribution, etc 2009
270 ## - ADDRESS
Address Pooja Apartments, 4B, Ansari Road,
City New Delhi
Postal code 110002
300 ## - PHYSICAL DESCRIPTION
Extent xxvi, 261p
Dimensions 24cm(Hb)
700 ## - ADDED ENTRY--PERSONAL NAME
Personal name Pande, S.C.
9 (RLIN) 30624
942 ## - ADDED ENTRY ELEMENTS (KOHA)
Source of classification or shelving scheme Dewey Decimal Classification
Item type English Books
Call number suffix CON
Classification part 811.09
Holdings
Withdrawn status Lost status Not for loan Collection code Home library Current library Date acquired Source of acquisition Cost, normal purchase price Full call number Barcode Copy number Cost, replacement price Koha item type
      Non-fiction Central Library Central Library 11/08/2011 Allied Publishers/CR/0002704/17.3.11/75/4.3.11/17.3.11 595.00 811.09 CON B-423722 1 595.00 English Books

© Delhi Public Library
Hit Counter
free hit counter